[Event "NB II. Asztalos csoport"]
[Site "Dunaujvaros"]
[Date "2024.02.18"]
[Round "4.3"]
[White "Kadlicsko, Jozsef"]
[Black "Katona, Ferenc"]
[Result "1-0"]
[WhiteElo "2008"]
[BlackElo "2138"]
[PlyCount "131"]
[EventDate "2023.10.08"]
[EventType "team-tourn"]
[EventRounds "9"]
[EventCountry "HUN"]
[Source "chess.hu"]
[WhiteTeam "Kaposvari Bastya SE"]
[BlackTeam "Racalmas-Kiralysakk "]
[WhiteTeamCountry "HUN"]
[BlackTeamCountry "HUN"]

1. e4 e5 2. Nf3 f5 3. Nc3 fxe4 4. Nxe5 Qf6 5. d4 d6 6. Nd5 Qd8 7. Qh5+ g6 8.
Nxg6 hxg6 9. Qxh8 Be6 10. Nf4 Bf7 11. Qh3 Qd7 12. Be2 Qxh3 13. Nxh3 Bg7 14. c3
Ne7 15. Ng5 d5 16. Bf4 c6 17. f3 c5 18. dxc5 d4 19. Nxe4 dxc3 20. Nxc3 Bxc3+
21. bxc3 Nd5 22. Bd2 Nd7 23. O-O Nxc5 24. Bb5+ Kf8 25. Rfe1 Nc7 26. Bf1 Rc8 27.
Bh6+ Kg8 28. c4 N7e6 29. Be3 b6 30. h4 Nb7 31. Rac1 Nf8 32. Rc2 Nd7 33. Bd4 Kf8
34. g3 Na5 35. Rec1 Nc6 36. Be3 Nde5 37. f4 Ng4 38. Bf2 Rd8 39. a3 Na5 40. Be2
Nf6 41. c5 Bb3 42. Rb2 Rc8 43. Be1 Bd5 44. Bxa5 bxa5 45. Bd3 Kg7 46. Rb5 Rd8
47. Rxa5 Bf3 48. Rxa7+ Kh6 49. Bf1 Rd2 50. Bh3 Ne4 51. g4 g5 52. fxg5+ Kg6 53.
Ra6+ Kg7 54. Rf6 Ng3 55. Rxf3 Ne2+ 56. Kh1 Nxc1 57. Rc3 Ne2 58. Re3 Rc2 59. Bf1
Nd4 60. Bg2 Rxc5 61. Kh2 Rc2 62. Kh3 Ra2 63. Be4 Nb5 64. h5 Rxa3 65. Rxa3 Nxa3
66. Bd3 1-0

[Event "NB II. Asztalos csoport"]
[Site "Dunaujvaros"]
[Date "2024.02.18"]
[Round "4.4"]
[White "Remenyi, Lajos Jr"]
[Black "Mihalecz, Attila"]
[Result "1-0"]
[WhiteElo "1967"]
[BlackElo "1898"]
[PlyCount "43"]
[EventDate "2023.10.08"]
[EventType "team-tourn"]
[EventRounds "9"]
[EventCountry "HUN"]
[Source "chess.hu"]
[WhiteTeam "Racalmas-Kiralysakk "]
[BlackTeam "Kaposvari Bastya SE"]
[WhiteTeamCountry "HUN"]
[BlackTeamCountry "HUN"]

1. e4 b6 2. d4 Bb7 3. Nc3 e6 4. Nf3 Nf6 5. Bd3 Bb4 6. Qe2 d5 7. e5 Ne4 8. Bd2
Nxc3 9. bxc3 Be7 10. Rd1 O-O 11. O-O c5 12. c4 cxd4 13. cxd5 Bxd5 14. Nxd4 Bxg2
15. Kxg2 Qxd4 16. Qe4 Qxe4+ 17. Bxe4 Na6 18. Bxa8 Rxa8 19. Rfe1 Kf8 20. Re3 Rd8
21. Rd3 Rc8 22. Rd7 1-0

[Event "NB II. Asztalos csoport"]
[Site "Dunaujvaros"]
[Date "2024.02.18"]
[Round "4.5"]
[White "Marcsingo, Jozsef"]
[Black "Mohacsi, Andras J"]
[Result "0-1"]
[WhiteElo "1721"]
[BlackElo "2100"]
[PlyCount "64"]
[EventDate "2023.10.08"]
[EventType "team-tourn"]
[EventRounds "9"]
[EventCountry "HUN"]
[Source "chess.hu"]
[WhiteTeam "Kaposvari Bastya SE"]
[BlackTeam "Racalmas-Kiralysakk "]
[WhiteTeamCountry "HUN"]
[BlackTeamCountry "HUN"]

1. e4 e6 2. d4 d5 3. e5 c5 4. c3 Nc6 5. Nf3 Bd7 6. Bb5 Nxe5 7. Bxd7+ Nxd7 8.
O-O Ngf6 9. Re1 Be7 10. Be3 O-O 11. h3 Qb6 12. b3 Rac8 13. Nbd2 cxd4 14. cxd4
Ba3 15. Ne5 Qc7 16. Ndf3 Qc2 17. Bc1 Bb4 18. Bd2 Bxd2 19. Nxd2 Nxe5 20. dxe5
Qxd1 21. Rexd1 Nd7 22. f4 Rc7 23. Nf3 Rfc8 24. Nd4 a6 25. Rd2 Kf8 26. Kf2 Nc5
27. Ke1 Ne4 28. Rd3 Ke7 29. Ke2 Rc1 30. Rxc1 Rxc1 31. Rf3 Ra1 32. a4 Ra2+ 0-1

[Event "NB II. Asztalos csoport"]
[Site "Dunaujvaros"]
[Date "2024.02.18"]
[Round "4.6"]
[White "Zelenak, Donat"]
[Black "Erdelyi, Sandor"]
[Result "1/2-1/2"]
[WhiteElo "1858"]
[BlackElo "1838"]
[PlyCount "114"]
[EventDate "2023.10.08"]
[EventType "team-tourn"]
[EventRounds "9"]
[EventCountry "HUN"]
[Source "chess.hu"]
[WhiteTeam "Racalmas-Kiralysakk "]
[BlackTeam "Kaposvari Bastya SE"]
[WhiteTeamCountry "HUN"]
[BlackTeamCountry "HUN"]

1. Nf3 d5 2. d4 Bf5 3. g3 Nf6 4. Bg2 e6 5. O-O Be7 6. c4 c6 7. Nc3 O-O 8. cxd5
cxd5 9. Nh4 Bg6 10. Nxg6 hxg6 11. Qb3 Nc6 12. Rd1 Na5 13. Qa4 Nc4 14. e4 Nb6
15. Qb3 dxe4 16. Nxe4 Nfd5 17. Bd2 Rc8 18. Ba5 Rc6 19. Rac1 Qc8 20. Rxc6 Qxc6
21. Bxb6 Qxb6 22. Qxb6 Nxb6 23. Nc5 Rc8 24. Bxb7 Rc7 25. b4 Bxc5 26. dxc5 Rxb7
27. cxb6 Rxb6 28. Rd8+ Kh7 29. a3 Ra6 30. Rd3 g5 31. Kf1 Kg6 32. Ke2 Kf5 33. h3
Ke4 34. f3+ Ke5 35. Kd2 f5 36. Kc2 g4 37. hxg4 fxg4 38. Kb3 gxf3 39. Rxf3 Kd4
40. Rf7 e5 41. Rxg7 e4 42. b5 Rb6 43. Rd7+ Kc5 44. a4 a6 45. Rc7+ Kd5 46. Rc6
Rb8 47. Rxa6 Rg8 48. Kb4 Rxg3 49. Ra8 e3 50. Re8 Rg4+ 51. Kb3 Re4 52. Rxe4 Kxe4
53. Kc2 Kf3 54. b6 e2 55. b7 e1=Q 56. b8=Q Qe4+ 57. Kb2 Qxa4 1/2-1/2

[Event "NB II. Asztalos csoport"]
[Site "Dunaujvaros"]
[Date "2024.02.18"]
[Round "4.7"]
[White "Makaresz, Ferenc"]
[Black "Zsigmond, Karoly"]
[Result "1-0"]
[WhiteElo "1803"]
[BlackElo "1824"]
[PlyCount "107"]
[EventDate "2023.10.08"]
[EventType "team-tourn"]
[EventRounds "9"]
[EventCountry "HUN"]
[Source "chess.hu"]
[WhiteTeam "Kaposvari Bastya SE"]
[BlackTeam "Racalmas-Kiralysakk "]
[WhiteTeamCountry "HUN"]
[BlackTeamCountry "HUN"]

1. d4 Nf6 2. h3 b6 3. Bf4 c5 4. e3 Ba6 5. Bxa6 Nxa6 6. Qe2 Qc8 7. Nf3 g6 8. O-O
Bg7 9. c3 O-O 10. Nbd2 d6 11. Rac1 Qb7 12. Bh2 Nc7 13. e4 cxd4 14. cxd4 Rfc8
15. e5 dxe5 16. dxe5 Nd7 17. Rc2 Ne6 18. Rfc1 Rxc2 19. Rxc2 Rc8 20. Rxc8+ Qxc8
21. Qc4 Qxc4 22. Nxc4 Nec5 23. Kf1 b5 24. Na5 Nd3 25. Nc6 a6 26. Nxe7+ Kf8 27.
Nd5 Nxb2 28. Nc7 Nc5 29. e6 Nxe6 30. Bd6+ Kg8 31. Nxa6 Na4 32. Bb4 Nc3 33. Bxc3
Bxc3 34. Ne1 Nf4 35. Nc2 Nd5 36. Ke2 Ba5 37. a3 Bb6 38. Nab4 Nxb4 39. axb4 f5
40. Na3 Bd8 41. Kd3 Kf7 42. Nxb5 Ke6 43. Kc4 h5 44. Nd4+ Kd6 45. Ne2 Ke5 46. f3
Kd6 47. Nf4 g5 48. Nxh5 f4 49. g3 fxg3 50. Nxg3 Ke5 51. Ne2 Bb6 52. Kb5 Ba7 53.
Kc6 Ke6 54. b5 1-0

[Event "NB II. Asztalos csoport"]
[Site "Dunaujvaros"]
[Date "2024.02.18"]
[Round "4.8"]
[White "Szabo, Levente"]
[Black "Szotak, Laszlo"]
[Result "1/2-1/2"]
[WhiteElo "1872"]
[BlackElo "1875"]
[PlyCount "20"]
[EventDate "2023.10.08"]
[EventType "team-tourn"]
[EventRounds "9"]
[EventCountry "HUN"]
[Source "chess.hu"]
[WhiteTeam "Racalmas-Kiralysakk "]
[BlackTeam "Kaposvari Bastya SE"]
[WhiteTeamCountry "HUN"]
[BlackTeamCountry "HUN"]

1. d4 f5 2. c4 Nf6 3. Nc3 g6 4. Bg5 Bg7 5. e3 O-O 6. g3 d6 7. Bg2 c6 8. Bxf6
Bxf6 9. Nf3 Be6 10. b3 Bf7 1/2-1/2

[Event "NB II. Asztalos csoport"]
[Site "Dunaujvaros"]
[Date "2024.02.18"]
[Round "4.11"]
[White "Revesz, Denes"]
[Black "Kortelyesi, Richard"]
[Result "1/2-1/2"]
[WhiteElo "1730"]
[BlackElo "1499"]
[PlyCount "29"]
[EventDate "2023.10.08"]
[EventType "team-tourn"]
[EventRounds "9"]
[EventCountry "HUN"]
[Source "chess.hu"]
[WhiteTeam "Kaposvari Bastya SE"]
[BlackTeam "Racalmas-Kiralysakk "]
[WhiteTeamCountry "HUN"]
[BlackTeamCountry "HUN"]

1. e4 c5 2. Nf3 d6 3. Bb5+ Bd7 4. Qe2 Bxb5 5. Qxb5+ Qd7 6. Qe2 Nc6 7. c3 g6 8.
O-O Bg7 9. Rd1 e6 10. d4 cxd4 11. cxd4 Nge7 12. Nc3 O-O 13. Bf4 d5 14. Rac1 a6
15. e5 1/2-1/2

[Event "NB II. Asztalos csoport"]
[Site "Decs"]
[Date "2024.02.18"]
[Round "4.1"]
[White "Haszon, David"]
[Black "Papp, Tamas"]
[Result "1-0"]
[WhiteElo "2245"]
[BlackElo "2279"]
[PlyCount "109"]
[EventDate "2023.10.08"]
[EventType "team-tourn"]
[EventRounds "9"]
[EventCountry "HUN"]
[Source "chess.hu"]
[WhiteTeam "Marcali VSZSE"]
[BlackTeam "Decs 1990"]
[WhiteTeamCountry "HUN"]
[BlackTeamCountry "HUN"]

1. d4 d5 2. Nf3 Nc6 3. g3 Bf5 4. Bg2 Nf6 5. O-O Nb4 6. Na3 e6 7. Ne5 Bd6 8. c3
Nc6 9. Nxc6 bxc6 10. Qa4 Qd7 11. Nc4 c5 12. Nxd6+ cxd6 13. Qxd7+ Kxd7 14. dxc5
dxc5 15. c4 Be4 16. f3 Bg6 17. e4 dxe4 18. fxe4 e5 19. Bg5 Ne8 20. Rad1+ Kc6
21. Rd5 Nc7 22. Rxe5 f6 23. Bxf6 gxf6 24. Rxf6+ Kb7 25. Rxc5 Raf8 26. e5+ Kb8
27. Rfc6 Na8 28. Rb5+ Nb6 29. c5 Be8 30. cxb6 Bxc6 31. bxa7+ Kxa7 32. Bxc6 Rc8
33. Be4 h5 34. e6 Rc7 35. Kg2 Rh6 36. Bf5 Ka6 37. a4 Rh8 38. b4 h4 39. Rc5 h3+
40. Bxh3 Rch7 41. Bf5 Rxh2+ 42. Kf3 Re8 43. a5 Rb2 44. Rc6+ Kb5 45. Rb6+ Kc4
46. a6 Ra2 47. b5 Kd5 48. Bg6 Ra3+ 49. Kf4 Rc8 50. Be4+ Kc5 51. Rc6+ Rxc6 52.
Bxc6 Kd6 53. Bd7 Ke7 54. g4 Ra1 55. Ke5 1-0

[Event "NB II. Asztalos csoport"]
[Site "Decs"]
[Date "2024.02.18"]
[Round "4.2"]
[White "Kiss, Lajos"]
[Black "Toth, Daniel"]
[Result "1/2-1/2"]
[WhiteElo "2130"]
[BlackElo "2086"]
[PlyCount "68"]
[EventDate "2023.10.08"]
[EventType "team-tourn"]
[EventRounds "9"]
[EventCountry "HUN"]
[Source "chess.hu"]
[WhiteTeam "Decs 1990"]
[BlackTeam "Marcali VSZSE"]
[WhiteTeamCountry "HUN"]
[BlackTeamCountry "HUN"]

1. d4 Nf6 2. c4 g6 3. Nc3 d5 4. Nf3 Bg7 5. Qb3 dxc4 6. Qxc4 O-O 7. e4 Na6 8.
Be2 c5 9. d5 e6 10. O-O exd5 11. exd5 Nb4 12. Rd1 b6 13. Qb3 Bf5 14. Ne1 Re8
15. Be3 Ng4 16. Bxg4 Bxg4 17. Rd2 Qd7 18. a3 Na6 19. h3 Bf5 20. g4 Be4 21. Nxe4
Rxe4 22. Qd3 Ra4 23. Rad1 c4 24. Qe2 Nc5 25. Bxc5 bxc5 26. Rc2 Rb8 27. d6 Re8
28. Qf1 Bd4 29. Nf3 Qxd6 30. Nxd4 cxd4 31. Rxc4 Rxc4 32. Qxc4 Rd8 33. Rd3 Kg7
34. b4 Rd7 1/2-1/2

[Event "NB II. Asztalos csoport"]
[Site "Decs"]
[Date "2024.02.18"]
[Round "4.3"]
[White "Link, Ulrich"]
[Black "Nagybiro, Laszlo"]
[Result "1/2-1/2"]
[WhiteElo "2059"]
[BlackElo "2079"]
[PlyCount "56"]
[EventDate "2023.10.08"]
[EventType "team-tourn"]
[EventRounds "9"]
[EventCountry "HUN"]
[Source "chess.hu"]
[WhiteTeam "Marcali VSZSE"]
[BlackTeam "Decs 1990"]
[WhiteTeamCountry "HUN"]
[BlackTeamCountry "HUN"]

1. d4 d5 2. c4 e6 3. Nf3 Nf6 4. Nc3 Be7 5. Bg5 O-O 6. e3 c6 7. Rc1 Ne4 8. Bxe7
Qxe7 9. Be2 f5 10. O-O Nd7 11. Ne5 Qb4 12. Nxd7 Bxd7 13. Nxe4 fxe4 14. Qb3 Qd6
15. f4 Rab8 16. Qc3 Rfc8 17. c5 Qe7 18. b4 b5 19. a4 a6 20. axb5 axb5 21. Ra1
Ra8 22. Rxa8 Rxa8 23. Ra1 Rxa1+ 24. Qxa1 g5 25. Qa8+ Kg7 26. Qb8 gxf4 27. Qe5+
Qf6 28. exf4 Qxe5 1/2-1/2

[Event "NB II. Asztalos csoport"]
[Site "Decs"]
[Date "2024.02.18"]
[Round "4.4"]
[White "Gal, Peter"]
[Black "Ferenczy, Mate"]
[Result "1-0"]
[WhiteElo "2022"]
[BlackElo "2030"]
[PlyCount "101"]
[EventDate "2023.10.08"]
[EventType "team-tourn"]
[EventRounds "9"]
[EventCountry "HUN"]
[Source "chess.hu"]
[WhiteTeam "Decs 1990"]
[BlackTeam "Marcali VSZSE"]
[WhiteTeamCountry "HUN"]
[BlackTeamCountry "HUN"]

1. d4 Nf6 2. c4 c5 3. d5 e6 4. Nc3 exd5 5. cxd5 d6 6. Nf3 g6 7. Bf4 a6 8. a4
Bg7 9. h3 O-O 10. e3 Re8 11. Be2 b6 12. Nd2 Qc7 13. Nc4 Bf8 14. Bf3 Nbd7 15.
O-O Rb8 16. Qb3 Ne5 17. Nxe5 dxe5 18. Bg5 Bg7 19. Rfd1 c4 20. Qc2 Bf5 21. e4
Bd7 22. b3 Rec8 23. b4 Ne8 24. d6 Qb7 25. Nd5 f6 26. Ne7+ Kh8 27. Be3 Bf8 28.
Nxc8 Rxc8 29. Bg4 Bxg4 30. hxg4 Bxd6 31. b5 a5 32. g5 fxg5 33. Bxg5 Bc5 34. Rd5
Bd4 35. Rd1 Qg7 36. Be3 Bxe3 37. fxe3 Qh6 38. Qf2 Kg8 39. Rd8 Rxd8 40. Rxd8 Qf8
41. Qxf8+ Kxf8 42. Rc8 Ke7 43. Rxc4 Nf6 44. Rc7+ Nd7 45. Kf2 h5 46. Rc6 Kf7 47.
Rd6 Nc5 48. Rxb6 Nxe4+ 49. Kf3 Nc5 50. Rc6 Nxa4 51. b6 1-0

[Event "NB II. Asztalos csoport"]
[Site "Decs"]
[Date "2024.02.18"]
[Round "4.5"]
[White "Molnar, Roland"]
[Black "Horvath, Balazs"]
[Result "0-1"]
[WhiteElo "2001"]
[BlackElo "2100"]
[PlyCount "94"]
[EventDate "2023.10.08"]
[EventType "team-tourn"]
[EventRounds "9"]
[EventCountry "HUN"]
[Source "chess.hu"]
[WhiteTeam "Marcali VSZSE"]
[BlackTeam "Decs 1990"]
[WhiteTeamCountry "HUN"]
[BlackTeamCountry "HUN"]

1. d4 Nf6 2. Nf3 g6 3. Nc3 d5 4. Bf4 Bg7 5. e3 O-O 6. h3 a6 7. Be2 Re8 8. O-O
Nbd7 9. Ne5 e6 10. b4 Nxe5 11. Bxe5 Ne4 12. Nxe4 Bxe5 13. dxe5 dxe4 14. Qd4
Qxd4 15. exd4 b6 16. f3 Bb7 17. fxe4 Bxe4 18. Bf3 Bxf3 19. Rxf3 Rad8 20. Rf4
Re7 21. Kf2 c5 22. bxc5 bxc5 23. Ke3 Rc7 24. Rc1 Rd5 25. c4 cxd4+ 26. Rxd4
Rxe5+ 27. Kd3 Ra5 28. Rc2 Kf8 29. Rb2 Ke7 30. Kc3 e5 31. Re4 f5 32. Ree2 Rac5
33. Rb4 a5 34. Ra4 Ke6 35. Rb2 e4 36. Rb8 Ke5 37. g3 Rd7 38. Rb5 Rd3+ 39. Kc2
Kd4 40. Rxc5 Kxc5 41. g4 f4 42. h4 f3 43. Rxa5+ Kxc4 44. Ra4+ Kd5 45. Ra5+ Kd4
46. Ra4+ Ke3 47. Ra7 f2 0-1

[Event "NB II. Asztalos csoport"]
[Site "Decs"]
[Date "2024.02.18"]
[Round "4.6"]
[White "Balazs, Imre"]
[Black "Haszon, Abel"]
[Result "0-1"]
[WhiteElo "2015"]
[BlackElo "1838"]
[PlyCount "56"]
[EventDate "2023.10.08"]
[EventType "team-tourn"]
[EventRounds "9"]
[EventCountry "HUN"]
[Source "chess.hu"]
[WhiteTeam "Decs 1990"]
[BlackTeam "Marcali VSZSE"]
[WhiteTeamCountry "HUN"]
[BlackTeamCountry "HUN"]

1. e4 d6 2. d4 Nf6 3. Nc3 Nbd7 4. Be3 e5 5. f3 c6 6. Qd2 Qc7 7. O-O-O b5 8. g4
Nb6 9. g5 Nh5 10. d5 b4 11. Nb1 cxd5 12. Bb5+ Bd7 13. Bxd7+ Nxd7 14. exd5 a5
15. Ne2 Be7 16. Qd3 O-O 17. Nd2 a4 18. Kb1 Rfc8 19. Rc1 Nc5 20. Qc4 Qa5 21. Qg4
g6 22. Ne4 b3 23. Bxc5 bxa2+ 24. Ka1 dxc5 25. d6 Bd8 26. Rhd1 Rcb8 27. Rd3 c4
28. Rc3 Qb5 0-1

[Event "NB II. Asztalos csoport"]
[Site "Decs"]
[Date "2024.02.18"]
[Round "4.7"]
[White "Mike, Janos"]
[Black "Barbarics, Tamas"]
[Result "1/2-1/2"]
[WhiteElo "1842"]
[BlackElo "1985"]
[PlyCount "25"]
[EventDate "2023.10.08"]
[EventType "team-tourn"]
[EventRounds "9"]
[EventCountry "HUN"]
[Source "chess.hu"]
[WhiteTeam "Marcali VSZSE"]
[BlackTeam "Decs 1990"]
[WhiteTeamCountry "HUN"]
[BlackTeamCountry "HUN"]

1. c4 c5 2. Nc3 Nc6 3. g3 g6 4. Bg2 Bg7 5. d3 d6 6. e4 e5 7. Nge2 Nge7 8. O-O
O-O 9. Be3 Rb8 10. Qd2 a6 11. a4 Nd4 12. Bxd4 exd4 13. Nd5 1/2-1/2

[Event "NB II. Asztalos csoport"]
[Site "Decs"]
[Date "2024.02.18"]
[Round "4.8"]
[White "Werner, Anna"]
[Black "Horvath, Jozsef"]
[Result "1-0"]
[WhiteElo "1944"]
[BlackElo "1828"]
[PlyCount "73"]
[EventDate "2023.10.08"]
[EventType "team-tourn"]
[EventRounds "9"]
[EventCountry "HUN"]
[Source "chess.hu"]
[WhiteTeam "Decs 1990"]
[BlackTeam "Marcali VSZSE"]
[WhiteTeamCountry "HUN"]
[BlackTeamCountry "HUN"]

1. d4 d5 2. c4 c6 3. Nf3 Nf6 4. Nbd2 e6 5. e3 Be7 6. Bd3 Nbd7 7. O-O O-O 8. e4
Nxe4 9. Nxe4 dxe4 10. Bxe4 Nf6 11. Bc2 b6 12. Bg5 h6 13. Bh4 Bb7 14. Qd3 g6 15.
Ne5 Qe8 16. Qe3 Kg7 17. Rfe1 Nh7 18. Ng4 Bg5 19. Bxg5 hxg5 20. Qe5+ f6 21. Qxe6
Qxe6 22. Rxe6 Rad8 23. Rd1 Rf7 24. h3 Nf8 25. Re3 Rfd7 26. Bb3 a6 27. Rde1 f5
28. Re7+ Kh8 29. Nh6 Rxe7 30. Rxe7 Rd7 31. Rxd7 Nxd7 32. Nf7+ Kg7 33. Nxg5 Kf6
34. f4 Nb8 35. Kf2 a5 36. Nf3 Na6 37. Ne5 1-0

[Event "NB II. Asztalos csoport"]
[Site "Decs"]
[Date "2024.02.18"]
[Round "4.9"]
[White "Nador, Zoltan"]
[Black "B.Garai, Lehel"]
[Result "0-1"]
[WhiteElo "1761"]
[BlackElo "1873"]
[PlyCount "102"]
[EventDate "2023.10.08"]
[EventType "team-tourn"]
[EventRounds "9"]
[EventCountry "HUN"]
[Source "chess.hu"]
[WhiteTeam "Marcali VSZSE"]
[BlackTeam "Decs 1990"]
[WhiteTeamCountry "HUN"]
[BlackTeamCountry "HUN"]

1. d4 Nf6 2. Nf3 g6 3. Bg5 Bg7 4. Nbd2 O-O 5. e4 d6 6. c3 Nbd7 7. Bd3 e5 8. O-O
h6 9. Be3 Ne8 10. Nb3 f5 11. exf5 gxf5 12. h3 e4 13. Bc4+ Kh7 14. Nh2 Nb6 15.
Be2 f4 16. Bd2 f3 17. Nxf3 exf3 18. Bxf3 c6 19. Be4+ Kh8 20. Qh5 Nf6 21. Qg6
Qe8 22. Qxe8 Rxe8 23. Bd3 Be6 24. Rae1 Bc4 25. Bxc4 Nxc4 26. Bc1 Rxe1 27. Rxe1
Re8 28. Kf1 Rxe1+ 29. Kxe1 a5 30. Ke2 a4 31. Na1 h5 32. Kd3 d5 33. b3 axb3 34.
axb3 Nd6 35. f3 h4 36. Nc2 Kh7 37. c4 Bh6 38. Ba3 Nf5 39. Ke2 Nh5 40. cxd5 Nf4+
41. Kf2 Nxd5 42. Bc5 Kg6 43. Ba7 Bf4 44. Bc5 Kf7 45. Ke2 Nfe3 46. Nxe3 Nxe3 47.
Kf2 Nf5 48. Ke2 Ke6 49. Kd3 Kd5 50. Bb6 Ne3 51. Bc7 Nxg2 0-1

[Event "NB II. Asztalos csoport"]
[Site "Decs"]
[Date "2024.02.18"]
[Round "4.10"]
[White "Kaszas, Kristof"]
[Black "Dan, Daniel"]
[Result "1/2-1/2"]
[WhiteElo "1802"]
[BlackElo "1785"]
[PlyCount "120"]
[EventDate "2023.10.08"]
[EventType "team-tourn"]
[EventRounds "9"]
[EventCountry "HUN"]
[Source "chess.hu"]
[WhiteTeam "Decs 1990"]
[BlackTeam "Marcali VSZSE"]
[WhiteTeamCountry "HUN"]
[BlackTeamCountry "HUN"]

1. d4 Nf6 2. c4 e6 3. Nc3 b6 4. e4 Bb7 5. d5 e5 6. Nf3 Bd6 7. Bg5 Qe7 8. Bd3 h6
9. Bd2 Bb4 10. a3 Bxc3 11. Bxc3 d6 12. b4 Nbd7 13. Nd2 g5 14. h3 Nh7 15. Nb3
Nhf8 16. a4 Ng6 17. g3 h5 18. a5 f6 19. Be2 Qh7 20. Qd3 Ne7 21. Bf3 Kf7 22. Bd2
Qg6 23. a6 Bc8 24. c5 bxc5 25. bxc5 dxc5 26. Qc4 Kg7 27. Nxc5 Nb6 28. Qc3 g4
29. hxg4 Bxg4 30. Bxg4 hxg4 31. Ne6+ Kf7 32. Rxh8 Qxe4+ 33. Qe3 Qxe3+ 34. Bxe3
Rxh8 35. Ke2 Nexd5 36. Nc5 Nxe3 37. Kxe3 f5 38. Rd1 Ke7 39. Nd3 Kf6 40. Nb4 Rh7
41. Rc1 Rd7 42. Nc6 Rd6 43. Rc5 Nd5+ 44. Ke2 Ke6 45. Rc1 f4 46. Rc5 f3+ 47. Ke1
Kd7 48. Nxe5+ Ke6 49. Nc6 Kf5 50. Ne7+ Ke6 51. Nxd5 Rxd5 52. Rxc7 Rd7 53. Rc4
Kf5 54. Rf4+ Kg5 55. Ra4 Rd6 56. Ra5+ Kf6 57. Rh5 Re6+ 58. Kf1 Kg6 59. Ra5 Rb6
60. Ke1 Rd6 1/2-1/2

[Event "NB II. Asztalos csoport"]
[Site "Decs"]
[Date "2024.02.18"]
[Round "4.11"]
[White "Dan, Abraham"]
[Black "B.Garai, Etelka"]
[Result "1/2-1/2"]
[WhiteElo "1382"]
[BlackElo "1455"]
[PlyCount "136"]
[EventDate "2023.10.08"]
[EventType "team-tourn"]
[EventRounds "9"]
[EventCountry "HUN"]
[Source "chess.hu"]
[WhiteTeam "Marcali VSZSE"]
[BlackTeam "Decs 1990"]
[WhiteTeamCountry "HUN"]
[BlackTeamCountry "HUN"]

1. d4 Nf6 2. Bf4 g6 3. Nf3 Bg7 4. e3 O-O 5. c3 d6 6. Bd3 Nbd7 7. Nbd2 Qe8 8.
Bg3 e5 9. Qc2 Qe7 10. Bh4 d5 11. dxe5 Nxe5 12. Nxe5 Qxe5 13. Bg3 Qe7 14. Nf3
Ne4 15. Nd4 c6 16. O-O-O a5 17. Ne2 Nc5 18. Nd4 Bd7 19. Nb3 Nxd3+ 20. Qxd3 Bf5
21. Qe2 Rfe8 22. Nd4 Bd7 23. Nf3 a4 24. a3 Qc5 25. Nd4 Qb6 26. Qc2 c5 27. Nf3
Bf5 28. Qd2 Be4 29. Ne1 Rad8 30. f3 Bf5 31. Bh4 Bf6 32. Bxf6 Qxf6 33. g4 Bc8
34. h4 Qe6 35. Nc2 b5 36. Rh3 Qb6 37. Rdh1 Be6 38. h5 g5 39. h6 f6 40. Rh5 Bf7
41. R5h3 Bg6 42. f4 Bxc2 43. Kxc2 d4 44. exd4 cxd4 45. Re1 Rxe1 46. Qxe1 dxc3
47. Rxc3 Qd6 48. fxg5 fxg5 49. Rh3 Qg6+ 50. Kc1 Re8 51. Re3 Qc6+ 52. Kb1 Rxe3
53. Qxe3 Qh1+ 54. Kc2 Qg2+ 55. Kc3 Qc6+ 56. Kb4 Qxh6 57. Kxb5 Qf6 58. Kxa4 Qf4+
59. Qxf4 gxf4 60. b4 f3 61. b5 f2 62. Ka5 f1=Q 63. a4 Qe1+ 64. Ka6 Qe6+ 65. b6
Qxg4 66. a5 Qb4 67. b7 h5 68. b8=Q+ Qxb8 1/2-1/2

[Event "NB II. Asztalos csoport"]
[Site "Decs"]
[Date "2024.02.18"]
[Round "4.12"]
[White "Nagy, Norbert"]
[Black "Bihary, Soma Botond"]
[Result "0-1"]
[WhiteElo "1359"]
[BlackElo "1662"]
[PlyCount "150"]
[EventDate "2023.10.08"]
[EventType "team-tourn"]
[EventRounds "9"]
[EventCountry "HUN"]
[Source "chess.hu"]
[WhiteTeam "Decs 1990"]
[BlackTeam "Marcali VSZSE"]
[WhiteTeamCountry "HUN"]
[BlackTeamCountry "HUN"]

1. e4 c5 2. Nf3 e6 3. Nc3 Nc6 4. Bc4 d6 5. d3 Nf6 6. Bg5 Be7 7. Qd2 a6 8. a4 h6
9. Bh4 Bd7 10. Bg3 Nh5 11. d4 Nxg3 12. hxg3 cxd4 13. Nxd4 Rc8 14. Nxc6 Bxc6 15.
Bd3 Bf6 16. Nd1 d5 17. exd5 Bxd5 18. O-O O-O 19. Kh2 Bc4 20. Ra3 Be7 21. Ra1
Bxd3 22. cxd3 Qd4 23. Nc3 Bb4 24. Ne2 Qg4 25. Qf4 Qxf4 26. Nxf4 Rfd8 27. Rac1
Rxc1 28. Rxc1 Bd2 29. Rc7 Bxf4 30. gxf4 Rxd3 31. Rxb7 Rd4 32. a5 Rxf4 33. Kg3
Rd4 34. Rb8+ Kh7 35. b4 Kg6 36. Kf3 Kf5 37. Ke3 e5 38. Rb7 Kf6 39. g3 Ke6 40.
f4 Rc4 41. Kd3 exf4 42. Rb6+ Kd5 43. gxf4 Rxf4 44. Kc3 Rf3+ 45. Kd2 Kc4 46.
Rxa6 Kxb4 47. Ra7 g5 48. a6 Kb5 49. Ra8 Ra3 50. Rb8+ Kc6 51. Rh8 Rxa6 52. Rxh6+
Kb5 53. Rh5 f6 54. Ke3 Ra4 55. Rh6 Rf4 56. Rh8 Kc5 57. Rd8 Rf1 58. Ke2 Rf5 59.
Ke3 Rd5 60. Rf8 Re5+ 61. Kf3 f5 62. Rd8 Rd5 63. Rg8 g4+ 64. Kf4 Kd4 65. Ra8 Kc5
66. Ra6 Kb5 67. Ra1 Kc6 68. Ra6+ Kd7 69. Ra7+ Ke6 70. Ra6+ Rd6 71. Ra4 Kf6 72.
Rc4 Re6 73. Rc8 Re4+ 74. Kg3 Re3+ 75. Kf4 Rf3# 0-1

[Event "NB II. Asztalos csoport"]
[Site "Pecs"]
[Date "2024.02.18"]
[Round "4.1"]
[White "Balint, Richard"]
[Black "Toth, David dr"]
[Result "1-0"]
[WhiteElo "2087"]
[BlackElo "1978"]
[PlyCount "67"]
[EventDate "2023.10.08"]
[EventType "team-tourn"]
[EventRounds "9"]
[EventCountry "HUN"]
[Source "chess.hu"]
[WhiteTeam "Bajai SSC"]
[BlackTeam "Karmin PSSE"]
[WhiteTeamCountry "HUN"]
[BlackTeamCountry "HUN"]

1. Nf3 d5 2. d4 Nf6 3. c4 e6 4. Nc3 Nbd7 5. Bg5 Bb4 6. e3 c5 7. Qb3 Qa5 8. Bd3
Ne4 9. O-O Bxc3 10. bxc3 Nxg5 11. Nxg5 dxc4 12. Bxc4 cxd4 13. Nxf7 Kxf7 14.
Bxe6+ Kf6 15. Bg8 Kg6 16. Rad1 Nf6 17. Bf7+ Kh6 18. cxd4 Rf8 19. f3 Bd7 20. e4
Ba4 21. Qe3+ g5 22. Bb3 Bxb3 23. axb3 Rae8 24. h4 Rg8 25. Ra1 Qb5 26. Rxa7 Re7
27. Rfa1 Reg7 28. R7a5 Qb6 29. Rf5 Nh5 30. Raa5 Qd8 31. Rad5 Qe7 32. Rde5 Qd8
33. Re6+ Rg6 34. Rxg5 1-0

[Event "NB II. Asztalos csoport"]
[Site "Pecs"]
[Date "2024.02.18"]
[Round "4.2"]
[White "Hrubos, Viktor"]
[Black "Follardt, Lorinc"]
[Result "0-1"]
[WhiteElo "1922"]
[BlackElo "1952"]
[PlyCount "48"]
[EventDate "2023.10.08"]
[EventType "team-tourn"]
[EventRounds "9"]
[EventCountry "HUN"]
[Source "chess.hu"]
[WhiteTeam "Karmin PSSE"]
[BlackTeam "Bajai SSC"]
[WhiteTeamCountry "HUN"]
[BlackTeamCountry "HUN"]

1. g3 e5 2. Bg2 d5 3. d3 f5 4. Nd2 Nf6 5. c4 c6 6. cxd5 cxd5 7. Ngf3 Nc6 8. O-O
Bc5 9. e4 dxe4 10. dxe4 fxe4 11. Ng5 e3 12. Qb3 exf2+ 13. Kh1 Qe7 14. Nde4 Bb6
15. Bd2 h6 16. Nxf6+ gxf6 17. Ne4 Be6 18. Qb5 O-O-O 19. Rac1 Bd5 20. Bb4 Qe6
21. Rfd1 f5 22. Nd6+ Rxd6 23. Bxd5 f1=Q+ 24. Qxf1 Rxd5 0-1